Statistics for Largest City in Each Canadian State and Territory

Click here to take the quiz!

General Stats

  • This quiz has been taken 42 times
    (18 since last reset)
  • The average score is 11 of 13

Answer Stats

StateAnswer% Correct
AlbertaCalgary
100%
QuebecMontreal
100%
OntarioToronto
100%
British ColumbiaVancouver
100%
SaskatchewanSaskatoon
92%
Newfoundland and LabradorSt. John’s
92%
ManitobaWinnipeg
92%
Nova ScotiaHalifax
85%
YukonWhitehorse
85%
Prince Edward IslandCharlottetown
77%
NunavutIqaluit
77%
Northwest TerritoriesYellowknife
77%
New BrunswickMoncton-Dieppe
69%

Score Distribution

Percentile by Number Answered

Percent of People with Each Score

Your Score History

You have not taken this quiz since the last reset